00519nam a2200157 a 450000500170000000800410001702000180005805000200007610000160009624500650011226000280017730000090020544000180021499900190023295201100025120140412111323.0110408s19uu xx 00 eng d a0-679-81643-7 aERbTh32sh 1991 aAwdry, Rev. aThomas the tank engine :bshapes and sizes /cRev. W. Adwry. aU.S.A :bRandom,c1991. aunp. aToddler books c104453d104453 001040aELbELcERd2011-04-08eLib. Fundl0oER Th32sh 1991pE7868r2014-04-12 00:00:00w2014-04-12yBK